000
00208 a2200097 4500
001
48647
100
_a
Sacchi, Louise
245
_a
Ocean flying
260
_a
New York
_b
McGraw-Hill
_c
090
_c
31573
_d
31573
942
_a
NUST-CAE
_c
M
_c
23973
999
_c
283720
_d
283720